| 000 | 00960nmm a2200301 a 4500 | ||
|---|---|---|---|
| 001 | ocm000940723 | ||
| 003 | TR-IsHL | ||
| 005 | 20201028145726.0 | ||
| 008 | 150110s2013 tu tur | ||
| 007 | cr cn | ||
| 020 | _a9786055315634 | ||
| 035 |
_a940723 _b(N$T) |
||
| 050 | 0 | 4 |
_aPL248.T242 _bM88 2013 |
| 090 | 0 | 4 |
_aPL248.T242 _bM88 2013 |
| 100 | 1 | _aTansel, Oğuz | |
| 245 | 1 | 0 |
_aMutluluk peşinde: toplu şiirler _h[electronic resource] / _cOğuz Tansel ; desenler Nuri İyem, Metin Eloğlu |
| 250 | _a2. bs. | ||
| 260 |
_aİstanbul : _bEvrensel Basım Yayın, _c2013 |
||
| 300 | _a153 p. | ||
| 650 | 4 | _aDil ve Edebiyat | |
| 650 | 4 | _aLanguage and Literature | |
| 650 | 0 | _aTürk şiiri | |
| 650 | 0 | _aTurkish poetry | |
| 650 | 7 |
_aLITERARY COLLECTIONS / Middle Eastern _2bisacsh |
|
| 700 | 1 | _aİyem, Nuri | |
| 700 | 1 | _aEloğlu, Metin | |
| 856 | 4 | 0 | _uhttp://search.ebscohost.com/login.aspx?direct=true&scope=site&db=e011xww&AN=940723 |
| 999 |
_c10100 _d10100 |
||